Countries that grow the most Potatoes - Statistics

General Stats
  • This quiz has been taken 59 times
  • The average score is 8 of 10
Answer Stats
Metric Tons Country % Correct
18.5M United States
96%
94.3M China
92%
18.2M Russia
92%
8.9M France
91%
11.3M Germany
89%
54.2M India
89%
21.3M Ukraine
79%
7.0M Poland
66%
6.9M Egypt
42%
9.8M Bangladesh
28%
No matching quizzes found
Score Distribution
Percent of People with Each Score
Percentile by Number Answered
Your Score History
You have not taken this quiz